Clubs de Bundesliga (2020-2021) - Statistiques

Statistiques générales
  • Ce quiz a été pris 116 fois
  • Le résultat moyen est 12 sur 18
Statistiques - réponses
Bundesliga % Correct
FC Bayern Munich
98%
Borussia Dortmund
95%
RB Leipzig
83%
TSV Bayer 04 Leverkusen
80%
FC Shalke 04
79%
VFL Wolfsburg
69%
FC Cologne
64%
FC Union Berlin
63%
Eintracht Francfort
61%
FSV Mayence 05
59%
Werder Brême
59%
TSG 1899 Hoffenheim
57%
VfB Stuttgart
57%
Borussia Monchengladbach
56%
Hertha BSC
55%
SC Fribourg
51%
FC Augsbourg
39%
DSC Arminia Bielefeld
27%
Aucun quiz correspondant
Distribution des résultats
% des personnes avec chaque résultat
Percentile par nombre de réponses
Votre historique - résultats
Vous n’avez pas pris ce quiz